Visualizzazione normale
Vista MARC
- Palazio Gustavo
di Personal Name
Records bibliografici associati: 1
001 - CONTROL NUMBER
- control field: 6136
003 - CONTROL NUMBER IDENTIFIER
- control field: IT-RoPau
005 - DATE AND TIME OF LATEST TRANSACTION
- control field: 20131218224314.0
008 - FIXED-LENGTH DATA ELEMENTS
- fixed length control field: 131218|| aca||aabn | a|a d
040 ## - CATALOGING SOURCE
- Original cataloging agency: IT-RoPau
- Transcribing agency: IT-RoPau
100 ## - HEADING--PERSONAL NAME
- Personal name: Palazio Gustavo
- Dates associated with a name: Codice autore testo/musica SPICS: 2952
- Relator term: Autore testo/musica
- Name of part/section of a work: Mamma dammi cento lire
670 ## - SOURCE DATA FOUND
- Source citation: Work cat.: (IT-RoPau)102606: Anonimo 883, Qui comando io (Lp 20107)